00345nam a2200097Ia 4500008004100000040002900041050002700070100002500097245007500122260005000197230222s9999||||xx |||||||||||||| ||und|| cChuka University Library aLB 2806.15bO53 1986  aDR.ONDIEK PATROBA E. 0aCurriculum development: Alternatives in Education Theory and practice aLake Publishers and EnterprisesbKisumuc1986